000 00585nam a22001937a 4500
003 dpl
005 20180825125059.0
008 180804b xxu||||| |||| 00| 0 eng d
020 _a0070583765
_c0.00
035 _aB-147065, B-147082
040 _aDPL
_bEN
_c0
082 _a004.21
100 _aKahate,Atul
245 _aObject Oriented /
_bAnalysis and design
_cby Atul Kahate
260 _aNew Delhi
_bTata McGraw-Hill Publishing Company Limited
_c2004
300 _axxiii,424p.;
_c23cm
500 _aincludes references,index
942 _2ddc
_cEN
_h004.21
_mKAH
999 _c155473
_d155473